|
|
|
|
| LEADER |
00000nam a22000007a 4500 |
| 005 |
20200421164116.0 |
| 007 |
cr|||| |||| |
| 008 |
200421s2016 co |||||s|||| 00||0 spa d |
| 020 |
|
|
|a 978-958-760-050-6
|
| 035 |
|
|
|a 31347
|
| 040 |
|
|
|a vLex
|
| 090 |
|
|
|c 10314
|d 10314
|
| 100 |
1 |
|
|a Hernǹdez Arteaga, Isabel
|
| 245 |
1 |
0 |
|a Descubrimiento de patrones de desempeǫ acadm̌ico con r̀boles de decisin̤ en las competencias genřicas de la formacin̤ profesional
|h [Recurso electrn̤ico] /
|c Isabel Hernǹdez Arteaga, Silvio Ricardo Timarǹ-Pereira, Segundo Javier Caicedo-Zambrano, Arsenio Hidalgo-Troya, Juan Carlos Alvarado-Přez
|
| 256 |
|
|
|a Servicio en ln̕ea
|
| 260 |
|
|
|a Bogot:̀
|b Ediciones Universidad Cooperativa de Colombia,
|c 2016
|
| 300 |
|
|
|a 1 recurso electrn̤ico
|
| 500 |
|
|
|a El objetivo de este estudio fue descubrir patrones de desempeǫ acadm̌ico en competencias genřicas de los estudiantes de programas profesionales en las pruebas Saber Pro 2011-2, a partir de los datos sociodemogrf̀icos, econm̤icos, acadm̌icos e institucionales almacenados en las bases de datos del Instituto Colombiano para la Evaluacin̤ de la Educacin̤ (icfes), y utilizando tčnicas de minera̕ de datos. Los estudios realizados hasta el momento con respecto al anl̀isis de los resultados de las pruebas Saber Pro 2011-2 se basan en informacin̤ procesada mediante una investigacin̤ estads̕tica, en la cual, fundamentalmente se consideran variables y relaciones primarias, sin tener en cuenta las verdaderas interrelaciones, que por lo general estǹ ocultas y que n︢icamente se pueden descubrir utilizando un tratamiento ms̀ complejo de los datos, que es posible con la mencionada minera̕ de datos. Por otro lado, se aplic ̤la metodologa̕ crisp-dm y con los repositorios de datos, limpios y transformados para cada competencia, se descubrieron patrones asociados al buen o mal desempeǫ acadm̌ico, utilizando la tčnica de clasificacin̤ basada en r̀boles de decisin̤. En los patrones descubiertos se destacan la acreditacin̤ institucional y la modalidad de estudio como dos atributos importantes asociados al desempeǫ acadm̌ico de los estudiantes en las pruebas Saber Pro 2011-2, en las cuatro competencias genřicas. El conocimiento descubierto se incorporar ̀al existente y se podr ̀integrar a los procesos de toma de decisiones del icfes y de las instituciones gubernamentales y acadm̌icas que velan por la calidad de la educacin̤ superior.
|
| 506 |
1 |
|
|a Disponible solo en los productos indicados
|d vLex Global
|d vLex Global (Academic Edition, excluding Law Schools)
|d vLex Global (U.S. Academic Edition, Law Schools)
|d vLex Global (U.S. Academic Edition, excluding Law Schools)
|d vLex Global (Academic Edition, Law Schools)
|
| 650 |
0 |
4 |
|a Educacin̤
|z Colombia
|
| 700 |
1 |
|
|a Timarǹ-Pereira, Silvio Ricardo
|
| 700 |
1 |
|
|a Caicedo-Zambrano, Segundo Javier
|
| 700 |
1 |
|
|a Hidalgo-Troya, Arsenio
|
| 700 |
1 |
|
|a Alvarado-Přez, Juan Carlos
|
| 740 |
0 |
|
|a vLex Libros (Servicio en ln̕ea)
|
| 856 |
4 |
0 |
|u http://vlex.com/source/descubrimiento-de-patrones-de-desempe-o-academico-con-arboles-de-decision-en-las-competencias-genericas-de-la-formacion-profesional-31347
|z Acceso restringido
|
| 942 |
|
|
|c BOOK
|
| 999 |
0 |
|
|a Education
|